La palabra inspirada: la Biblia a la luz de la ciencia del lenguaje
Enregistré dans:
| Auteur principal: | |
|---|---|
| Format: | Livre |
| Langue: | espagnol |
| Publié: |
Barcelona
Herder
1966
|
| Collection: | Biblioteca Herder. Sección de Sagrada Escritura, 75
|
| Sujets: | |
| Tags: |
Ajouter un tag
Pas de tags, Soyez le premier à ajouter un tag!
|
MARC
| LEADER | 00000nam a2200000 a 4500 | ||
|---|---|---|---|
| 001 | UCL4270 | ||
| 003 | CL-VaPUC | ||
| 008 | 040109e19660000SP |||||||||||||||||spa|d | ||
| 082 | 0 | 4 | |a 220 |b ALO |2 21 |
| 100 | |a Alonso Schökel, Luis |e autor |9 591055 | ||
| 245 | 1 | 3 | |a La palabra inspirada: la Biblia a la luz de la ciencia del lenguaje |
| 300 | |a 388 p | ||
| 942 | |c BK | ||
| 945 | |d 20040109 00:00:00 |a vberengu | ||
| 260 | |a Barcelona |b Herder |c 1966 | ||
| 650 | 0 | |a Biblia |9 257603 | |
| 650 | 0 | |a Textos sagrados |9 257605 | |
| 583 | |a last modification |c 20040109 00:00:00 |k Rodrigo Vera | ||
| 490 | 0 | |a Biblioteca Herder. Sección de Sagrada Escritura, 75 | |
| 999 | |c 307151 |d 307149 | ||
| 952 | |0 0 |1 0 |4 0 |6 220_000000000000000_ALO_1966 |7 0 |8 F |9 372793 |a BIBTEO |b BIBTEO |d 2019-11-21 |i 2101335 |o 220 ALO 1966 |p 2101335 |r 2025-01-17 |w 2019-11-21 |y BK_F |k ICR | ||